D.W. the picky eater / (Record no. 5390)

MARC details
000 -LEADER
fixed length control field 00872nam a22002897a 4500
001 - CONTROL NUMBER
control field 5390
003 - CONTROL NUMBER IDENTIFIER
control field FISKH
005 - DATE AND TIME OF LATEST TRANSACTION
control field 20250512153516.0
008 - FIXED-LENGTH DATA ELEMENTS--GENERAL INFORMATION
fixed length control field 241202b cb ||||| |||| 00| 0 eng d
020 ## - INTERNATIONAL STANDARD BOOK NUMBER
International Standard Book Number 0316104531
040 ## - CATALOGING SOURCE
Original cataloging agency FISKH
Language of cataloging eng
Transcribing agency FISKH
Modifying agency FISKH
050 ## - LIBRARY OF CONGRESS CALL NUMBER
Classification number PZ7.B81618
082 ## - DEWEY DECIMAL CLASSIFICATION NUMBER
Classification number 791.45
100 ## - MAIN ENTRY--PERSONAL NAME
Personal name Brown, Marc
Dates associated with a name (1946–)
245 ## - TITLE STATEMENT
Title D.W. the picky eater /
Statement of responsibility, etc. Marc Brown
250 ## - EDITION STATEMENT
Edition statement First paperback edition
260 ## - PUBLICATION, DISTRIBUTION, ETC.
Place of publication, distribution, etc. Canada :
Name of publisher, distributor, etc. Little Brown,
Date of publication, distribution, etc. 1995.
300 ## - PHYSICAL DESCRIPTION
Extent 23 pages :
Other physical details Color illustrations ;
Dimensions 21 cm
505 ## - FORMATTED CONTENTS NOTE
Formatted contents note H<br/>
520 ## - SUMMARY, ETC.
Summary, etc. Because her eating habits cause some problems, Arthur the aardvark's younger sister has to stay home when her family eats out.
521 8# - TARGET AUDIENCE NOTE
Target audience note 410<br/><br/>
Source Lexile<br/>
521 8# - TARGET AUDIENCE NOTE
Target audience note H<br/>
Source Raz-Plus<br/>
650 ## - SUBJECT ADDED ENTRY--TOPICAL TERM
Source of heading or term Eating
Topical term or geographic name entry element Picture book
650 ## - SUBJECT ADDED ENTRY--TOPICAL TERM
Source of heading or term Manners
Topical term or geographic name entry element Nutrition
942 ## - ADDED ENTRY ELEMENTS (KOHA)
Source of classification or shelving scheme Dewey Decimal Classification
Koha item type Books
Suppress in OPAC No
Holdings
Withdrawn status Lost status Source of classification or shelving scheme Damaged status Not for loan Collection Home library Current library Shelving location Date acquired Total Checkouts Full call number Barcode Date last seen Date last checked out Copy number Price effective from Koha item type Date due
    Dewey Decimal Classification     Juvenile Fiction Footprints International School Library Network Toul Kork Campus Footprints International School Library Network Toul Kork Campus TK Primary Library Room(4th Floor), Bookcase 1&2, Shelves 1-16, Dark Blue Books 12/02/2024 1 BRO 791.45 PZ7.B81618 2024-2398 10/22/2025 10/08/2025 1 12/02/2024 Books  
    Dewey Decimal Classification     Juvenile Fiction Footprints International School Library Network Toul Tom Poung Campus Footprints International School Library Network Toul Tom Poung Campus TTP Primary Dark Blue Bookshelves 05/12/2025 1 BRO 791.45 PZ7.B81618 2025-1278 01/14/2026 01/14/2026 2 05/12/2025 Books 01/28/2026